| 000 | 00514nam a2200169 i 4500 | ||
|---|---|---|---|
| 001 | 59714 | ||
| 003 | ES-MaACL | ||
| 005 | 20230906164103.0 | ||
| 007 | t| | ||
| 008 | 031030m19251928it ||||1| ita d | ||
| 100 | 1 |
_aEnríques, Federigo. _947274 |
|
| 245 | 1 | 0 |
_aQuestioni riguardanti le matematiche elementaire / _cda Federigo Enríques. |
| 250 | _a3ª ed. | ||
| 260 |
_aBologna : _bNicola Zanichelli, _c1925-28 ( _eFirenze : _fEnrico Ariani) |
||
| 300 |
_a4 v. : _bil. ; _c23 cm. |
||
| 852 |
_aES-MaACL _jF-13691-4 |
||
| 999 |
_c59714 _d59714 |
||